000
00255nam a2200121Ia 4500
100
_a
Gupta/B.R/ Singhal/V
650
_a
Digital electronics
942
_c
BK
245
_a
Digital Electronics
260
_b
katson Books
546
_a
ENGLISH
999
_c
18389
_d
18389